[Event "9th Amplico Life Rapid"]
[Site "Warsaw POL"]
[Date "2009.12.20"]
[Round "13"]
[White "Paterek,M"]
[Black "Kuzmicz,K"]
[Result "1-0"]
[WhiteElo "2272"]
[BlackElo "2417"]
[EventDate "2009.12.19"]

1. d4 g6 2. e4 Bg7 3. Nf3 c6 4. c4 d5 5. exd5 cxd5 6. Nc3 Nf6 7. Qb3 dxc4
8. Bxc4 O-O 9. Ne5 e6 10. Be3 Nc6 11. Nxc6 bxc6 12. O-O Nd5 13. Rac1 Qa5
14. Qa4 Qb6 15. Nxd5 cxd5 16. Bb5 Rb8 17. Bd3 Rd8 18. Rc6 Qb7 19. Rc2 Bd7
20. Qa5 Bf8 21. Rc7 Bb4 22. Rxb7 Bxa5 23. Rxa7 Bb6 24. Ra6 Bc8 25. Ra3 Bc7
26. Rc3 Bd6 27. Bg5 Re8 28. Rfc1 Bd7 29. R1c2 Kg7 30. g3 h6 31. Be3 g5 32.
Kg2 f5 33. f4 Kf6 34. Rf2 Rb7 35. a3 Reb8 36. b4 Ra8 37. Bc1 Rba7 38. fxg5+
hxg5 39. h4 gxh4 40. gxh4 Kf7 41. Be2 Rh8 42. h5 Raa8 43. Bf4 Ke7 44. Rg3
Rh7 45. Bd1 Rah8 46. Kh3 Be8 47. Bg5+ Kf8 48. h6 Bxg3 49. Kxg3 Rc7 50. Kf4
Rc1 51. Be2 Re1 52. b5 Bd7 53. Rg2 Rh1 54. Ke5 Kf7 55. Kd6 Bc8 56. Bf4 Rg8
57. Rxg8 Kxg8 58. Kc7 Rh4 59. Be5 Re4 60. Bh5 Rh4 61. Kxc8 Rxh5 62. b6 1-0

[Event "9th Amplico Life Rapid"]
[Site "Warsaw POL"]
[Date "2009.12.20"]
[Round "13"]
[White "Yemelin,V"]
[Black "Budrewicz,K"]
[Result "1-0"]
[WhiteElo "2584"]
[BlackElo "2317"]
[EventDate "2009.12.19"]

1. e4 e5 2. Nf3 Nc6 3. Bc4 Nf6 4. d3 Be7 5. O-O O-O 6. Bb3 d5 7. Nbd2 Re8
8. c3 Bf8 9. Qe2 h6 10. Rd1 Bg4 11. h3 Be6 12. Nf1 Qd7 13. Ba4 Qd6 14. Ne3
Rad8 15. exd5 Bxd5 16. Nxd5 Nxd5 17. Qe4 Re6 18. Bd2 Nf6 19. Qh4 Ne7 20.
Bb3 Nf5 21. Qa4 Ree8 22. Re1 Nd7 23. Qc4 Qg6 24. Qxc7 Bd6 25. Qxb7 Nc5 26.
Qb5 Nxd3 27. Qxd3 e4 28. Rxe4 Bh2+ 29. Kxh2 Rxd3 30. Rxe8+ Kh7 31. Bc2 Rxf3
32. gxf3 Qd6+ 33. Kg2 Qxd2 34. Bxf5+ g6 35. Be4 Qxb2 36. Rb1 Qxa2 37. Rb7
h5 38. Rf8 Kh6 39. Rbxf7 Qd2 40. h4 Qxc3 41. Rg8 1-0

[Event "9th Amplico Life Rapid"]
[Site "Warsaw POL"]
[Date "2009.12.20"]
[Round "13"]
[White "Vovk,A"]
[Black "Beinoras,M"]
[Result "1-0"]
[WhiteElo "2512"]
[BlackElo "2384"]
[EventDate "2009.12.19"]

1. e4 e5 2. Nf3 Nc6 3. Bb5 a6 4. Ba4 Nf6 5. O-O Be7 6. d3 b5 7. Bb3 d6 8.
a4 Bb7 9. c3 O-O 10. Re1 Na5 11. Bc2 c5 12. Nbd2 Re8 13. Nf1 h6 14. Ng3 Bf8
15. d4 cxd4 16. cxd4 Nc6 17. Be3 exd4 18. Nxd4 Nb4 19. Bb3 Nxe4 20. Qh5 Qf6
21. axb5 Nd3 22. Rf1 Nec5 23. Bc2 Nxb2 24. Ndf5 Nbd3 25. Qd1 Ne5 26. Nh5
Qd8 27. b6 Ng6 28. Bd4 Qg5 29. g3 Ne6 30. f4 Ngxf4 31. Nxf4 g6 32. h4 Qd8
33. Qg4 Nxd4 34. Nxg6 Bg7 35. Nge7+ 1-0

[Event "9th Amplico Life Rapid"]
[Site "Warsaw POL"]
[Date "2009.12.20"]
[Round "13"]
[White "Kravtsiv,M"]
[Black "Manik,M"]
[Result "0-1"]
[WhiteElo "2543"]
[BlackElo "2435"]
[EventDate "2009.12.19"]

1. e4 c5 2. Nf3 e6 3. d4 cxd4 4. Nxd4 a6 5. Bd3 Bc5 6. Nb3 Be7 7. O-O Qc7
8. c4 Nf6 9. Nc3 d6 10. f4 b6 11. Be3 Bb7 12. Rc1 Nbd7 13. f5 Nc5 14. fxe6
fxe6 15. Nd4 Qd7 16. Bb1 O-O 17. Qe2 Rf7 18. Bf2 e5 19. Nf5 Raf8 20. b4 Na4
21. Nd5 Nxd5 22. cxd5 b5 23. Be3 Bd8 24. Qd2 Kh8 25. Bd3 Nb6 26. Qe2 Na4
27. a3 Nb6 28. Nxd6 Qxd6 29. Bc5 Rxf1+ 30. Rxf1 Rxf1+ 31. Qxf1 Qf6 32. Bxb5
axb5 33. Qxb5 Qg6 34. a4 Bc8 35. a5 Nd7 36. Qc4 Qa6 37. Qc2 h6 38. Be3 Nf6
39. h3 Bd7 40. Qc5 Kg8 41. d6 Qd3 42. Bf2 Qxe4 43. a6 Bc6 0-1

[Event "9th Amplico Life Rapid"]
[Site "Warsaw POL"]
[Date "2009.12.20"]
[Round "13"]
[White "Castaldo,F"]
[Black "Andrenko,I"]
[Result "1-0"]
[WhiteElo "2401"]
[BlackElo "2154"]
[EventDate "2009.12.19"]

1. e4 c5 2. Nc3 Nc6 3. g3 g6 4. Bg2 Bg7 5. d3 d6 6. f4 e6 7. Nf3 Nge7 8.
O-O O-O 9. Be3 Rb8 10. d4 b6 11. Qd2 e5 12. dxe5 dxe5 13. Rad1 Ba6 14. Qf2
Qc8 15. Rfe1 f5 16. Nxe5 Nxe5 17. fxe5 fxe4 18. Qd2 Bxe5 19. Nxe4 Rd8 20.
Qxd8+ Qxd8 21. Rxd8+ Rxd8 22. Bg5 Bd4+ 23. Kh1 Rd7 24. c3 Bg7 25. Nxc5 bxc5
26. Bxe7 Bc4 27. Bxc5 Bxa2 28. Bf3 Rd2 29. Re2 Rd1+ 30. Kg2 Bc4 31. Re8+
Kf7 32. Re7+ Kg8 33. Bxd1 1-0

[Event "9th Amplico Life Rapid"]
[Site "Warsaw POL"]
[Date "2009.12.20"]
[Round "13"]
[White "Bakalarz,L"]
[Black "Nedilko,V"]
[Result "0-1"]
[WhiteElo "2137"]
[BlackElo "2400"]
[EventDate "2009.12.19"]

1. e4 c5 2. Nf3 d6 3. d4 cxd4 4. Nxd4 Nf6 5. Nc3 a6 6. Bg5 e6 7. f4 Be7 8.
Qf3 Qc7 9. O-O-O Nbd7 10. g4 b5 11. Bxf6 Nxf6 12. g5 Nd7 13. f5 Bxg5+ 14.
Kb1 Ne5 15. Qg3 Qe7 16. Bxb5+ axb5 17. Ndxb5 O-O 18. Nxd6 Bf6 19. a4 Ba6
20. b3 Rfd8 21. Ndb5 Bxb5 22. Nxb5 Qb4 23. fxe6 fxe6 24. Qc3 Qxe4 25. Rxd8+
Rxd8 26. Re1 Qd5 27. Nc7 0-1

[Event "9th Amplico Life Rapid"]
[Site "Warsaw POL"]
[Date "2009.12.20"]
[Round "13"]
[White "Deszczynski,A"]
[Black "Malisauskas,V"]
[Result "1/2-1/2"]
[WhiteElo "2352"]
[BlackElo "2483"]
[EventDate "2009.12.19"]

1. e4 c5 2. Nf3 d6 3. d4 cxd4 4. Nxd4 Nf6 5. Nc3 a6 6. Bg5 e6 7. f4 Qc7 8.
Bxf6 gxf6 9. Qd2 Bd7 10. O-O-O Nc6 11. Nb3 O-O-O 12. Kb1 h5 13. Qf2 Kb8 14.
h4 Be7 15. Rh3 Na5 16. Nxa5 Qxa5 17. Bc4 Qc5 18. Qxc5 dxc5 19. Rhd3 Bc6 20.
a4 Rdg8 21. g3 Rg7 22. f5 exf5 23. exf5 Rhg8 24. Bd5 Rxg3 25. Bxc6 Rxd3 26.
Rxd3 bxc6 27. Rd7 Rg1+ 28. Ka2 Re1 29. a5 c4 30. Na4 Re5 31. Nb6 c3 32. Nc4
Re4 33. b3 Re2 34. b4 Bxb4 35. Kb3 Bc5 36. Rxf7 Re4 37. Rxf6 Kc7 38. Rf7+
Kd8 39. Rh7 Rxh4 40. f6 Bd4 41. Rh8+ Kd7 42. f7 Bc5 43. f8=Q Bxf8 44. Rxf8
Rh3 45. Rh8 h4 46. Rh6 Rh1 47. Ne5+ Ke7 48. Rxh4 Rb1+ 49. Kxc3 Rb5 50. Nc4
Rg5 51. Rh6 Kd7 52. Rf6 Rh5 53. Kd4 Rd5+ 54. Kc3 Rh5 55. Rf3 Ke6 56. Rd3
Rc5 57. Rd8 Ke7 58. Ra8 Ke6 59. Rxa6 Kd5 60. Kb3 Rxc4 61. Ra8 Kc5 62. Rb8
Rh4 63. c3 Rh7 64. Rb4 Ra7 65. Ka4 Ra8 66. Rb7 Ra6 67. Rh7 Ra8 68. Rh4 Ra7
69. Rh6 Ra8 70. Rh7 Kc4 71. Rc7 c5 72. Rc6 Rb8 73. Rb6 Rh8 74. Ka3 Kxc3 75.
a6 Kc4 76. a7 Ra8 77. Rb7 Kd5 78. Kb3 Kc6 79. Rh7 Kb6 80. Kc4 1/2-1/2

[Event "9th Amplico Life Rapid"]
[Site "Warsaw POL"]
[Date "2009.12.20"]
[Round "13"]
[White "Maier,C"]
[Black "Jakubowski,K"]
[Result "1/2-1/2"]
[WhiteElo "2350"]
[BlackElo "2502"]
[EventDate "2009.12.19"]

1. e4 c5 2. Nf3 d6 3. Bb5+ Nd7 4. c3 Ngf6 5. d3 g6 6. O-O Bg7 7. Re1 a6 8.
Ba4 O-O 9. h3 e5 10. Nbd2 Nh5 11. Nf1 h6 12. d4 b5 13. Bc2 cxd4 14. cxd4
Nf4 15. Be3 Qe7 16. Rc1 Nf6 17. dxe5 dxe5 18. Bxf4 exf4 19. e5 Nh5 20. N1h2
Rd8 21. Qe2 Be6 22. b3 Qa7 23. Kh1 Rac8 24. Be4 Bf8 25. Ng4 Bc5 26. Kh2 Kg7
27. Rc2 Bb6 28. Rec1 Rxc2 29. Rxc2 b4 30. Rc6 a5 31. Nh4 Bxf2 32. Qxf2 Qxf2
33. Nxf2 Ng3 34. Nf3 a4 35. Rb6 Rc8 36. bxa4 Rc1 37. Rxb4 Nf1+ 38. Kg1 Ng3+
39. Kh2 Nf1+ 1/2-1/2

[Event "9th Amplico Life Rapid"]
[Site "Warsaw POL"]
[Date "2009.12.20"]
[Round "13"]
[White "Sieciechowicz,M"]
[Black "Drozdowski,K"]
[Result "0-1"]
[WhiteElo "2386"]
[BlackElo "2198"]
[EventDate "2009.12.19"]

1. d4 Nf6 2. c4 g6 3. Nc3 d5 4. cxd5 Nxd5 5. Bd2 Bg7 6. e4 Nxc3 7. Bxc3 O-O
8. Nf3 Bg4 9. Be2 c5 10. d5 Bxc3+ 11. bxc3 Bxf3 12. Bxf3 Nd7 13. O-O b5 14.
Be2 c4 15. a4 a6 16. Qd4 Qb6 17. Qxb6 Nxb6 18. axb5 axb5 19. Rab1 Ra2 20.
Bf3 Na4 21. Rxb5 Nxc3 22. Rc5 Ra4 23. Rc1 Rb8 24. h3 Rb1 25. Rxb1 Nxb1 26.
Be2 Nc3 27. Bxc4 Nxe4 28. Rc7 Ra1+ 29. Kh2 Nd6 30. Be2 Kf8 31. Bf3 Rb1 32.
g4 Rb7 33. Rc2 h6 34. h4 Kg7 35. Rc3 Kf6 36. Kg3 Rb4 37. Rc7 h5 38. g5+ Kg7
39. Bd1 Nf5+ 40. Kg2 Nxh4+ 41. Kh3 Nf5 42. Rd7 Rd4 43. Bf3 Rd3 44. Kg2 Nh4+
45. Kg3 Nxf3 46. Rxe7 Nxg5+ 47. Kf4 Kf6 48. Rd7 Rf3+ 0-1

[Event "9th Amplico Life Rapid"]
[Site "Warsaw POL"]
[Date "2009.12.20"]
[Round "13"]
[White "Rutkowski,M"]
[Black "Lind,JO"]
[Result "1/2-1/2"]
[WhiteElo "2405"]
[BlackElo "2209"]
[EventDate "2009.12.19"]

1. d4 Nf6 2. Nf3 g6 3. c4 Bg7 4. Nc3 O-O 5. Bg5 h6 6. Bh4 c5 7. e3 cxd4 8.
Nxd4 d6 9. Be2 Nc6 10. O-O Bd7 11. a3 Rc8 12. Rc1 Re8 13. b4 Ne5 14. Qb3 a6
15. Rfd1 g5 16. Bg3 Qc7 17. Qb1 Qb8 18. c5 dxc5 19. Nf3 Nxf3+ 20. Bxf3 e5
21. Ne4 Ba4 22. Nd6 Bxd1 23. Rxd1 cxb4 24. Qxb4 Bf8 25. Nxe8 Rxe8 26. Qxb7
Qxb7 27. Bxb7 Bxa3 28. Bxa6 Re6 29. Be2 Ne4 30. Bc4 Rd6 31. Rb1 Nxg3 32.
hxg3 Rd7 33. g4 Kg7 34. g3 Rc7 35. Bd5 Rc1+ 1/2-1/2

[Event "9th Amplico Life Rapid"]
[Site "Warsaw POL"]
[Date "2009.12.20"]
[Round "13"]
[White "Sudakova,I"]
[Black "Paehtz,E"]
[Result "0-1"]
[WhiteElo "2350"]
[BlackElo "2480"]
[EventDate "2009.12.19"]

1. e4 e6 2. d4 d5 3. Bd3 Nf6 4. e5 Nfd7 5. Ne2 c5 6. c3 b6 7. f4 f5 8. Nd2
Ba6 9. Nf3 Be7 10. O-O O-O 11. Be3 Qc8 12. Bf2 Re8 13. Bh4 Bxd3 14. Qxd3
Qa6 15. Qd1 Bf8 16. Ng3 Nc6 17. Kh1 b5 18. Ng5 g6 19. Nh5 Nd8 20. g4 gxh5
21. gxf5 exf5 22. Nxh7 Kxh7 23. Qxh5+ Bh6 24. Qxf5+ Qg6 25. Qxd7+ Qf7 26.
Qxf7+ Nxf7 27. dxc5 Bf8 28. Rad1 Bxc5 29. Rxd5 Bb6 30. Rd7 Kg6 31. f5+ Kh5
32. Rf4 Be3 33. Re4 Rxe5 34. Rxe5 Nxe5 35. Rh7+ Bh6 36. Bg3 Nf3 37. Kg2 Ng5
38. Rb7 a6 39. Be5 Re8 40. Bd4 Re2+ 41. Kf1 Rxb2 42. a4 Nf3 43. axb5 Rxb5
44. Rxb5 axb5 45. Ke2 Nxd4+ 46. cxd4 Kg5 47. Kd3 Kxf5 48. Kc3 Bf8 49. h4
Ke4 50. h5 Kd5 51. Kb3 Kxd4 52. h6 Kc5 0-1

[Event "9th Amplico Life Rapid"]
[Site "Warsaw POL"]
[Date "2009.12.20"]
[Round "13"]
[White "Strzemiecki,Z"]
[Black "Likavsky,T"]
[Result "1-0"]
[WhiteElo "2333"]
[BlackElo "2476"]
[EventDate "2009.12.19"]

1. e4 c5 2. Nf3 d6 3. d4 cxd4 4. Nxd4 Nf6 5. f3 e5 6. Nb3 d5 7. Bg5 Be6 8.
Bxf6 gxf6 9. exd5 Qxd5 10. Qxd5 Bxd5 11. Nc3 Be6 12. O-O-O Nc6 13. Ne4 Ke7
14. Nbc5 Bh6+ 15. Kb1 Rad8 16. Bb5 Bc8 17. c3 f5 18. Ng3 Rhg8 19. Nxb7
Rxd1+ 20. Rxd1 Rxg3 21. Nd6 Rg6 22. Nxc8+ Kf8 23. Bxc6 Rxc6 24. Rd8+ Kg7
25. Ne7 Rc5 26. Nxf5+ Kg6 27. Nxh6 Kxh6 28. Rd7 f5 29. Rxa7 Rd5 30. Kc2 Kg5
31. g3 h5 32. a4 h4 33. b4 h3 34. a5 e4 35. fxe4 fxe4 36. Re7 Kf5 37. a6
1-0

[Event "9th Amplico Life Rapid"]
[Site "Warsaw POL"]
[Date "2009.12.20"]
[Round "13"]
[White "Grafl,F"]
[Black "Kantans,T"]
[Result "0-1"]
[WhiteElo "2428"]
[BlackElo "2281"]
[EventDate "2009.12.19"]

1. g3 e6 2. Bg2 c5 3. c3 Nc6 4. d4 b6 5. e4 cxd4 6. cxd4 Ba6 7. Ne2 Rc8 8.
Nbc3 Bb4 9. O-O Bxc3 10. bxc3 Nge7 11. d5 Na5 12. Re1 O-O 13. d6 Nec6 14.
f4 Nc4 15. e5 f6 16. Nd4 N6a5 17. a4 Rc5 18. exf6 Qxf6 19. Rb1 Bb7 20. Nb3
Nxb3 21. Bxb7 Nxc1 22. Rxc1 Na5 23. Ba6 Rd5 24. Qf3 Rxd6 25. Rcd1 Rxd1 26.
Rxd1 Rd8 27. Rd6 Qe7 28. Qd1 Nb3 29. Bb5 Nc5 30. Qd4 Kf8 31. f5 exf5 32.
Rd5 Qe1+ 33. Bf1 Qe4 34. a5 Qxd4+ 35. cxd4 Ne6 36. axb6 axb6 37. Rxf5+ Ke7
38. d5 Nc7 39. Bg2 Re8 40. h4 Kd6 41. Rg5 g6 42. Bh3 Nxd5 43. Bxd7 Re5 44.
Rxe5 Kxe5 45. Kg2 Nc3 46. Kf3 b5 47. Ke3 b4 48. Kd3 Ne4 49. Kc4 Nxg3 50.
Kxb4 h5 51. Be8 Kf6 52. Kc4 Nf5 53. Kd3 Nxh4 54. Ke4 Nf5 55. Kf3 Nd6 56.
Bd7 g5 57. Kg3 Ke5 58. Ba4 Nf5+ 59. Kg2 Kf4 60. Bc6 g4 61. Be8 h4 62. Bc6
Ne3+ 63. Kh2 Nc4 64. Kg2 Ne5 65. Bb7 h3+ 66. Kh1 Kg3 67. Bc8 Nd3 68. Bb7 h2
0-1

[Event "9th Amplico Life Rapid"]
[Site "Warsaw POL"]
[Date "2009.12.20"]
[Round "13"]
[White "Piorun,K"]
[Black "Przybylski,W"]
[Result "1-0"]
[WhiteElo "2475"]
[BlackElo "2326"]
[EventDate "2009.12.19"]

1. e4 e5 2. Nf3 Nf6 3. Nxe5 d6 4. Nc4 Nxe4 5. d4 d5 6. Ne3 c6 7. Bd3 Nd7 8.
O-O Ndf6 9. c4 Be7 10. Nc3 Nxc3 11. bxc3 g6 12. Qb3 O-O 13. Ba3 dxc4 14.
Nxc4 Bxa3 15. Qxa3 Be6 16. Ne5 Qc7 17. f4 Nd7 18. Rae1 c5 19. f5 Nxe5 20.
Rxe5 cxd4 21. Rc5 Qd6 22. fxe6 fxe6 23. Qb4 Rxf1+ 24. Bxf1 Rf8 25. Qxd4 Qb6
26. Qe3 Kg7 27. g3 Rf7 28. Qd4+ Kh6 29. g4 Qb1 30. Qe3+ Kg7 31. Qe5+ Kh6
32. g5+ Kh5 33. Qe2+ Kh4 34. Qc4+ Kh5 35. Kg2 Rf5 36. h4 Rxf1 37. Qxf1 1-0

[Event "9th Amplico Life Rapid"]
[Site "Warsaw POL"]
[Date "2009.12.20"]
[Round "13"]
[White "Socko,M"]
[Black "Lagowski,P"]
[Result "1/2-1/2"]
[WhiteElo "2457"]
[BlackElo "2322"]
[EventDate "2009.12.19"]

1. e4 c5 2. Nf3 d6 3. d4 cxd4 4. Nxd4 Nf6 5. Nc3 a6 6. Be3 e5 7. Nf3 Qc7 8.
a4 Be6 9. a5 Nbd7 10. Be2 h6 11. O-O Be7 12. Nh4 Qc6 13. Nf5 Bxf5 14. exf5
d5 15. Bf3 e4 16. Be2 Rd8 17. Bd4 Bc5 18. Qd2 Bxd4 19. Qxd4 Qc5 20. Rfd1
Qxd4 21. Rxd4 Ne5 22. Rb4 Rd7 23. Na4 Rc7 24. Bxa6 bxa6 25. Rb8+ Ke7 26.
Rxh8 Rxc2 27. Ra8 d4 28. Rxa6 Nfg4 29. Rf1 e3 30. fxe3 Nxe3 31. f6+ gxf6
32. Raxf6 Rxg2+ 33. Kh1 N5g4 34. Rxf7+ Ke6 35. a6 Rxh2+ 36. Kg1 Rg2+ 37.
Kh1 Rh2+ 38. Kg1 Nxf1 39. Rxf1 1/2-1/2

[Event "9th Amplico Life Rapid"]
[Site "Warsaw POL"]
[Date "2009.12.20"]
[Round "13"]
[White "Ruckschloss,K"]
[Black "Mikrut,D"]
[Result "1/2-1/2"]
[WhiteElo "2249"]
[BlackElo "2400"]
[EventDate "2009.12.19"]

1. c4 g6 2. d4 Bg7 3. Nc3 d6 4. e4 Nf6 5. Be2 O-O 6. h4 h5 7. Nh3 Nc6 8.
Be3 Ng4 9. Bxg4 hxg4 10. Nf4 Nxd4 11. Nxg6 fxg6 12. Bxd4 Bh6 13. Qd3 Be6
14. h5 Qe8 15. hxg6 Qxg6 16. Be3 Bg7 17. O-O-O a6 18. Nd5 Bxd5 19. exd5
Qxd3 20. Rxd3 Rf6 21. Rd4 Rg6 22. Re4 Bf6 23. Rh6 Rxh6 24. Bxh6 Kh7 25. Be3
Rg8 26. c5 dxc5 27. Bxc5 Rg7 28. Be3 g3 29. f3 1/2-1/2

[Event "9th Amplico Life Rapid"]
[Site "Warsaw POL"]
[Date "2009.12.20"]
[Round "13"]
[White "Daulyte,D"]
[Black "Rajlich,I"]
[Result "0-1"]
[WhiteElo "2307"]
[BlackElo "2457"]
[EventDate "2009.12.19"]

1. e4 e6 2. d4 d5 3. e5 c5 4. c3 Nc6 5. Nf3 Qb6 6. a3 Bd7 7. b4 cxd4 8.
cxd4 Rc8 9. Bb2 Na5 10. Bd3 Nc4 11. Bc3 Ne7 12. O-O Ng6 13. g3 Be7 14. h4
O-O 15. h5 Nh8 16. Qc2 g6 17. Kg2 f5 18. hxg6 Nxg6 19. Nbd2 Qc6 20. Rfc1 b5
21. Nb3 Rf7 22. Nc5 Bxc5 23. bxc5 Rg7 24. Bd2 Qc7 25. Bh6 Bc6 26. Rh1 Re7
27. Bg5 Rf7 28. Rh6 Rcf8 29. Rah1 Qa5 30. Qe2 Rg7 31. Ne1 Be8 32. Kf1 Qc3
33. Nf3 Qa1+ 34. Kg2 Qxa3 35. R1h3 Qc3 36. Kh2 Nb2 37. Bb1 b4 38. Bf6 Bb5
39. Qxb5 Qxf3 40. Qf1 Rff7 41. Kg1 Nc4 42. Bxg7 Rxg7 43. Bd3 Nd2 44. Qe2
Qxe2 45. Bxe2 b3 46. Bd3 Nf4 47. Rxe6 Nxe6 48. Bxf5 Nxd4 49. Bd3 N4f3+ 50.
Kg2 Ne1+ 0-1

[Event "9th Amplico Life Rapid"]
[Site "Warsaw POL"]
[Date "2009.12.20"]
[Round "13"]
[White "Kuraszkiewicz,M"]
[Black "Muzychuk,M"]
[Result "1/2-1/2"]
[WhiteElo "2299"]
[BlackElo "2447"]
[EventDate "2009.12.19"]

1. d4 f5 2. g3 Nf6 3. Bg2 g6 4. c3 Bg7 5. Nh3 Nc6 6. b4 a6 7. Qb3 e6 8. Nd2
Qe7 9. a4 d6 10. Ba3 e5 11. dxe5 Nxe5 12. O-O Be6 13. Qc2 Rb8 14. b5 O-O
15. Ng5 Bd7 16. c4 Nfg4 17. Ngf3 Nxf3+ 18. exf3 Bxa1 19. Rxa1 Nf6 20. Bb2
c6 21. b6 c5 22. Nb3 Qd8 23. a5 Bc6 24. Rd1 Qe7 25. Qc3 Rbe8 26. Nc1 Ba4
27. Rf1 Kf7 28. Nd3 Kg8 29. Re1 Qd7 30. Rc1 Bc6 31. Rd1 Qf7 32. Nf4 Rd8 33.
Nd5 Bxd5 34. Rxd5 Qe6 35. Rd1 Rde8 36. f4 Qe2 37. Bf3 Qe7 38. h3 h5 39. Kg2
Kh7 40. Kg1 Rf7 41. Qd3 Qd7 42. Kg2 Re6 43. Qc3 Qe8 44. Qd3 Ne4 45. Qd5
Rfe7 46. g4 Nf6 47. Qd3 Ne4 48. Qd5 Nf6 49. Qd3 Ne4 50. Qd5 Nf6 1/2-1/2

[Event "9th Amplico Life Rapid"]
[Site "Warsaw POL"]
[Date "2009.12.20"]
[Round "13"]
[White "Sharevich,A"]
[Black "Sotsky,A"]
[Result "0-1"]
[WhiteElo "2252"]
[BlackElo "2410"]
[EventDate "2009.12.19"]

1. d4 e6 2. c4 d5 3. g3 f5 4. Bg2 c6 5. b3 Nf6 6. Nh3 Bd6 7. O-O Qe7 8. Bb2
O-O 9. Nd2 Bd7 10. Nf4 Be8 11. Nd3 Nbd7 12. Nf3 Bh5 13. Nfe5 Ng4 14. h3
Ngxe5 15. dxe5 Bc7 16. Rc1 dxc4 17. bxc4 Rfd8 18. Qc2 Nf8 19. e4 Bg6 20.
Nf4 fxe4 21. Nxg6 Nxg6 22. Bxe4 Qg5 23. Bxg6 hxg6 24. Rcd1 Qf5 25. Qb3 Bb6
26. g4 Qf4 27. c5 Bxc5 28. Qxe6+ Kh7 29. Qb3 Rxd1 30. Qxd1 Qg3+ 31. Kh1
Qxh3+ 32. Kg1 Qg3+ 33. Kh1 Bxf2 34. Qb3 Be3 35. Qc2 Rf8 36. Rd1 Rf2 0-1

[Event "9th Amplico Life Rapid"]
[Site "Warsaw POL"]
[Date "2009.12.20"]
[Round "13"]
[White "Pileckis,E"]
[Black "Chalupnik,M"]
[Result "1/2-1/2"]
[WhiteElo "2438"]
[BlackElo "2284"]
[EventDate "2009.12.19"]

1. Nf3 Nf6 2. c4 c5 3. d4 cxd4 4. Nxd4 b6 5. f3 Bb7 6. e4 d6 7. Nc3 e6 8.
Be3 a6 9. Be2 Nbd7 10. O-O Be7 11. Qd2 O-O 12. Rfd1 Qc7 13. Qe1 Rac8 14.
Kh1 Qb8 15. Qg1 Bd8 16. a4 Bc7 17. b4 Rfe8 18. b5 a5 19. Nc6 Qa8 20. Nd5
exd5 21. cxd5 Nc5 22. Bc4 Bd8 23. Bf4 Be7 24. g4 Bf8 25. Bf1 Rc7 26. Qg3
Bc8 27. Bg2 Rd7 28. Ra3 Qb7 29. Bg5 Be7 30. Nxe7+ Rexe7 31. Qf4 Rd8 32.
Bxf6 gxf6 33. Qxf6 Ree8 34. Qg5+ Kh8 35. Qf6+ Kg8 36. Qg5+ Kh8 37. Qf6+
1/2-1/2

[Event "9th Amplico Life Rapid"]
[Site "Warsaw POL"]
[Date "2009.12.20"]
[Round "13"]
[White "Chojnacki,S"]
[Black "Lubczynski,R"]
[Result "0-1"]
[WhiteElo "2273"]
[BlackElo "2428"]
[EventDate "2009.12.19"]

1. d4 Nf6 2. Bf4 c5 3. c3 b6 4. e3 Bb7 5. Nf3 g6 6. Be2 Bg7 7. O-O O-O 8.
h3 d6 9. Nbd2 Nbd7 10. a4 a6 11. b4 Nd5 12. Qb3 cxb4 13. cxb4 Nxf4 14. exf4
Nf6 15. Rac1 Qd7 16. b5 a5 17. Nc4 Nd5 18. Kh2 Qe6 19. g3 Nxf4 20. Bd1
Qxh3+ 0-1

[Event "9th Amplico Life Rapid"]
[Site "Warsaw POL"]
[Date "2009.12.20"]
[Round "13"]
[White "Sznapik,A"]
[Black "Kukula,P"]
[Result "0-1"]
[WhiteElo "2420"]
[BlackElo "2261"]
[EventDate "2009.12.19"]

1. e4 c5 2. Nf3 Nc6 3. d4 cxd4 4. Nxd4 Nf6 5. Nc3 e5 6. Ndb5 d6 7. Bg5 a6
8. Na3 b5 9. Nd5 Be7 10. Bxf6 Bxf6 11. c3 O-O 12. Nc2 Bg5 13. a4 bxa4 14.
Rxa4 a5 15. Bc4 Rb8 16. Ra2 Kh8 17. O-O f5 18. exf5 Bxf5 19. Nce3 Bg6 20.
Qa4 Be8 21. Qc2 Ne7 22. Nxe7 Bxe7 23. Bd5 Bg5 24. Nc4 a4 25. Rd1 Bh5 26. f3
Bg6 27. Qxa4 Be8 28. Qa5 Qf6 29. Be4 Bf4 30. g3 Qg5 31. b4 Bf7 32. Bd5 Bh5
33. Rf1 Be3+ 34. Kg2 Bg6 35. h4 Qh6 36. Re1 Bf4 37. gxf4 Rxf4 38. Qc7 Rbf8
39. Ra8 Qxh4 40. Rh1 Qg5+ 41. Kf2 e4 42. Rh3 Qxd5 43. Rxf8+ Rxf8 44. Qxd6
Qf5 45. Ne5 e3+ 46. Kxe3 Re8 47. Kd4 Qxh3 48. b5 Qh4+ 49. Kc5 Qe1 50. f4
Qxc3+ 51. Kb6 Qe3+ 52. Ka5 Ra8+ 0-1

[Event "9th Amplico Life Rapid"]
[Site "Warsaw POL"]
[Date "2009.12.20"]
[Round "13"]
[White "Muzychuk,A"]
[Black "Socko,B"]
[Result "1/2-1/2"]
[WhiteElo "2532"]
[BlackElo "2643"]
[EventDate "2009.12.19"]

1. e4 e6 2. d4 d5 3. Nc3 Bb4 4. e5 Ne7 5. a3 Bxc3+ 6. bxc3 c5 7. Qg4 Kf8 8.
a4 Qc7 9. Nf3 cxd4 10. Qxd4 Nbc6 11. Qc5 f6 12. Bb5 Kf7 13. O-O a6 14. Bxc6
Nxc6 15. exf6 gxf6 16. c4 Rd8 17. Rd1 Qa5 18. Qxa5 Nxa5 19. cxd5 Rxd5 20.
Rxd5 exd5 21. Rb1 Nc4 22. Bf4 b6 23. Nd2 b5 24. Nxc4 dxc4 25. axb5 axb5 26.
h3 Bf5 27. Rxb5 Bxc2 28. Rc5 Bd3 29. Be3 Ra6 30. Bd4 Rd6 31. Bc3 Be2 32.
Kh2 Rd3 33. Rxc4 Rxh3+ 1/2-1/2

[Event "9th Amplico Life Rapid"]
[Site "Warsaw POL"]
[Date "2009.12.20"]
[Round "13"]
[White "Dziuba,M"]
[Black "Sergeev,Vl"]
[Result "1/2-1/2"]
[WhiteElo "2573"]
[BlackElo "2428"]
[EventDate "2009.12.19"]

1. d4 Nf6 2. c4 c6 3. Nf3 d5 4. e3 Bg4 5. Qb3 Qb6 6. Nc3 Bxf3 7. gxf3 e6 8.
Bd2 Nbd7 9. O-O-O Be7 10. Kb1 O-O 11. cxd5 cxd5 12. Qxb6 Nxb6 13. b3 Rfc8
14. Bd3 a6 15. Kb2 Rc6 16. Ne2 Rac8 17. Rc1 Kf8 18. a4 g6 19. a5 Nbd7 20.
b4 Bd6 21. h3 Ke7 22. Rxc6 Rxc6 23. Kb3 Rc8 24. Nc3 Nb8 25. Na4 Nfd7 26.
Rc1 Rxc1 27. Bxc1 Nc6 28. Bd2 Bc7 29. f4 f5 30. f3 Ke8 31. Nb2 Kd8 32. Ka4
Na7 33. Be1 Kc8 34. Be2 Bd8 35. Nd3 Bc7 36. Ne5 Nxe5 37. dxe5 Bd8 38. Bc3
Be7 39. b5 axb5+ 40. Bxb5 Nxb5 41. Kxb5 Kc7 42. Bd4 Ba3 43. Bb6+ Kd7 44.
Bc5 Bc1 45. Kb6 Bd2 46. Bd4 1/2-1/2

[Event "9th Amplico Life Rapid"]
[Site "Warsaw POL"]
[Date "2009.12.20"]
[Round "13"]
[White "Aleksandrov,A"]
[Black "Najbar,Mar"]
[Result "1-0"]
[WhiteElo "2617"]
[BlackElo "2222"]
[EventDate "2009.12.19"]

1. d4 c5 2. d5 d6 3. c4 g6 4. e4 Nf6 5. Bd3 Bg7 6. Nc3 O-O 7. h3 e6 8. Nf3
exd5 9. exd5 Re8+ 10. Be3 Bh6 11. O-O Bxe3 12. fxe3 Qe7 13. e4 a6 14. Qd2
Nbd7 15. Qf4 Nh5 16. Qh2 Ne5 17. Be2 Nxf3+ 18. Rxf3 Ng7 19. Raf1 f5 20.
exf5 Nxf5 21. Bd3 Nd4 22. R3f2 Bf5 23. Bxf5 gxf5 24. a4 Qe5 25. Qf4 Qxf4
26. Rxf4 Re3 27. Kh2 Rae8 28. g4 Ne2 29. Nxe2 Rxe2+ 30. Kg3 fxg4 31. Rxg4+
Kh8 32. b3 R2e3+ 33. Rf3 b5 34. axb5 axb5 35. h4 bxc4 36. bxc4 R3e4 37. Rf6
Re3+ 38. Kg2 Re2+ 39. Kh3 R2e3+ 40. Rg3 Rxg3+ 41. Kxg3 Re4 42. Rxd6 Rxc4
43. Rd7 Rd4 44. h5 h6 45. Kf3 c4 46. Ke3 Rd1 47. Ke4 c3 48. Rc7 Re1+ 49.
Kf5 Rg1 50. d6 Rg5+ 51. Ke6 1-0

[Event "9th Amplico Life Rapid"]
[Site "Warsaw POL"]
[Date "2009.12.20"]
[Round "13"]
[White "Tomczak,J"]
[Black "Zhigalko,A"]
[Result "1-0"]
[WhiteElo "2500"]
[BlackElo "2600"]
[EventDate "2009.12.19"]

1. e4 c5 2. Nf3 d6 3. d4 cxd4 4. Nxd4 Nf6 5. Nc3 a6 6. Bc4 e6 7. O-O Be7 8.
Bb3 O-O 9. f4 b5 10. e5 dxe5 11. fxe5 Nfd7 12. Be3 Nxe5 13. Qh5 Nc4 14.
Bxc4 bxc4 15. Rad1 Qe8 16. Qf3 Ra7 17. Qg3 Rb7 18. Bh6 g6 19. Ne4 f6 20.
Bxf8 Qxf8 21. Qc3 Rc7 22. Ng5 Bc5 23. Kh1 Qe7 24. Ngxe6 Bxd4 25. Nxd4 Bb7
26. Rde1 Be4 27. Qg3 Rb7 28. Qg4 1-0

[Event "9th Amplico Life Rapid"]
[Site "Warsaw POL"]
[Date "2009.12.20"]
[Round "13"]
[White "Moranda,W"]
[Black "Urban,K"]
[Result "1-0"]
[WhiteElo "2579"]
[BlackElo "2478"]
[EventDate "2009.12.19"]

1. d4 d5 2. c4 e6 3. Nc3 Nf6 4. Nf3 Nbd7 5. Bf4 dxc4 6. e3 a6 7. a4 Bd6 8.
Bg5 c5 9. Bxc4 Qc7 10. Bb3 b6 11. d5 exd5 12. Nxd5 Qb8 13. O-O O-O 14. Bxf6
Nxf6 15. Nxf6+ gxf6 16. Bd5 Ra7 17. Qc2 Bg4 18. h3 Bh5 19. Qf5 Bg6 20. Qxf6
Rd8 21. e4 Bf8 22. Qg5 Re8 23. h4 Kh8 24. e5 Qd8 25. Qxd8 Rxd8 26. Bc4 Re8
27. Rfe1 Bh5 28. Ng5 Rae7 29. f4 f6 30. Ne4 Bg7 31. Nd6 Ra8 32. Nf5 Ree8
33. Nxg7 Kxg7 34. Re3 fxe5 35. fxe5 Kf8 36. Rf1+ Ke7 37. Rg3 Bg6 38. h5
Bxh5 39. Rg7+ Kd8 40. Rxh7 Bg6 41. Rg7 Bc2 42. b3 Rxe5 43. Rf8+ Re8 44.
Rxe8+ 1-0